000 00886nam a2200229 a 4500
001 39587
003 BD-RjUL
005 20211209053024.0
008 160413s2011 bg ||||| |||| 00| 0 ben d
020 _a9847000000972
_c: Tk 80.00
035 _a(BD-RjUL)39700
040 _aBD-RjUL
_bben
_cBD-RjUL
041 _aben
082 _223
_a891.4409
_bSAK 2011
100 _aসরকার, যতীন.
_9120640
245 _aকেদারনাথ মজুমদার ১৮৭০-১৯২৬ /
_cযতীন সরকার.
260 _aঢাকা :
_bজাতীয় সাহিত্য প্রকাশ,
_c২০১১.
300 _a৬৩ পৃ. ;
_c২১ সেমি.
650 _aবাংলা সাহিত্য
_xইতিহাস ও সমালোচনা
_9118060
650 _aBengali Literature
_xhistory and criticism
_9117020
942 _2ddc
_cBK
999 _c39587
_d39587